| 000 | 00500nam a22001817a 4500 | ||
|---|---|---|---|
| 008 | 151002b xxu||||| |||| 00| 0 eng d | ||
| 020 | _a9780077572808 | ||
| 020 | _a0077572807 | ||
| 041 | 0 | _aeng | |
| 080 | _a510 | ||
| 100 | 1 | _aSlater, Jeffrey, | |
| 245 | 1 | 0 |
_aPractical business math procedures / _cJeffrey Slater. |
| 250 | _aBrief 10th ed. | ||
| 260 |
_aNew York : _bMcGraw-Hill/Irwin, _c2011. |
||
| 300 |
_axv, 307 f. : _bme il.; _c30 cm. |
||
| 650 | 0 | _aMatematika për biznes | |
| 942 |
_2udc _cBK |
||
| 999 |
_c1214 _d1214 |
||